| 000 | 00837nam a2200229 a 4500 | ||
|---|---|---|---|
| 001 | 41421 | ||
| 003 | BD-RjUL | ||
| 005 | 20211209053402.0 | ||
| 008 | 160530s1978 bg ||||| |||| 00| 0 ben d | ||
| 020 | _c: TK 40.00 | ||
| 035 | _a(BD-RjUL)41539 | ||
| 040 |
_aBD-RjUL _bben _cBD-RjUL |
||
| 041 | _aben | ||
| 082 |
_223 _a190.9 _bISP 1978 |
||
| 100 |
_aইসলাম, আমিনুল _9127340 |
||
| 245 | 1 | 0 |
_aপ্রাচীন ও মধ্যযুগের পাশ্চাত্য দর্শন / _cআমিনুল ইসলাম |
| 260 |
_aঢাকা : _bবাংলা একাডেমী, _c১৯৭৮ |
||
| 300 |
_a[২২], ৫৩০ পৃ. ; _c২১ সেমি. |
||
| 650 |
_aদর্শন _xইতিহাস _9127341 |
||
| 650 |
_aPhilosophy _xHistory _9127342 |
||
| 942 |
_2ddc _cBK |
||
| 999 |
_c41421 _d41421 |
||